Límites al accionar de la inspección tributaria y derechos del administrado (Registro nro. 4605)

Detalles MARC
000 -LEADER
fixed length control field 01517 a2200205 4500
001 - CONTROL NUMBER
control field 48537
005 - DATE AND TIME OF LATEST TRANSACTION
control field 20260407155749.0
008 - FIXED-LENGTH DATA ELEMENTS--GENERAL INFORMATION
fixed length control field 260407a1997 arg spa d
003 - CONTROL NUMBER IDENTIFIER
control field AR-UNSa-BCEJYS
040 ## - CATALOGING SOURCE
Original cataloging agency AR-UNSa-BCEJYS
Language of cataloging spa
Transcribing agency AR-UNSa-BCEJYS
080 ## - UNIVERSAL DECIMAL CLASSIFICATION NUMBER
Universal Decimal Classification number 336.225
Common auxiliary subdivision Método de tributación y administración de impuestos
020 ## - INTERNATIONAL STANDARD BOOK NUMBER
International Standard Book Number 950-14-0924-4
100 1# - MAIN ENTRY--PERSONAL NAME
Personal name Díaz, Vicente Oscar
245 10 - TITLE STATEMENT
Title Límites al accionar de la inspección tributaria y derechos del administrado
264 #1 - PRODUCTION, PUBLICATION, DISTRIBUTION, MANUFACTURE, AND COPYRIGHT NOTICE
Place of production, publication, distribution, manufacture Buenos Aires :
Name of producer, publisher, distributor, manufacturer Ediciones Depalma
Date of production, publication, distribution, manufacture, or copyright notice 1997
300 ## - PHYSICAL DESCRIPTION
Extent 180 p.
Dimensions 23 cm.
505 ## - FORMATTED CONTENTS NOTE
Formatted contents note 1. Principios de supervivencia del administrativo - 2.A. Diferencia del "thema probandum" - 2.B. El accionar de la inspección administrativa y la "noticia criminis" - 2.C. Desarmonía procesal violatoria de los derechos de los administrados - 3. Fuentes del derecho de procedimiento de la inspección - 4. Contenido de las atribuciones de la inspección tributaria - 5. ¿ Qué contiene un acta de comprobación' - 6. El llamado principio de unicidad - 7. Cláusulas preventivas de establecimientos por parte de funcionarios fiscales - 8. Penuria y crisis del proceso penal tributario - 10. Vicisitudes de los procesos penales tributarios - 11. Limites procesales a observar - 12. Límites del accionar administrativo de la inspección tributaria existiendo causa penal tributaria en trámite - 13. Acerca del "Non Bis in Idem" - 14. Conceptos finales a tener presentes.
590 ## - LOCAL NOTE (RLIN)
Local note niveau_biblio:m niveau_hierar:0
942 ## - ADDED ENTRY ELEMENTS (KOHA)
Koha item type
Existencias
Withdrawn status Lost status Damaged status Not for loan Home library Current library Shelving location Date acquired Total checkouts Full call number Barcode Date last seen Price effective from Koha item type
        Biblioteca Prof. Eusebio Cleto del Rey Biblioteca Prof. Eusebio Cleto del Rey   07/04/2026   336.225 D543 L69847 07/04/2026 07/04/2026 Libro
        Biblioteca Prof. Eusebio Cleto del Rey Biblioteca Prof. Eusebio Cleto del Rey   07/04/2026   336.225 D543 L70098 07/04/2026 07/04/2026 Libro
        Biblioteca Prof. Eusebio Cleto del Rey Biblioteca Prof. Eusebio Cleto del Rey   07/04/2026   336.225 D543 L69848 07/04/2026 07/04/2026 Libro